Mixed Word: Common Bond XCIX Quiz Stats

 Plays Quiz Updated Dec 18, 2018

Support Sporcle.
Go Orange.
Score 0/16 Timer 04:00
1 Play Today
Scrambled Word Answer % Correct
EMROROME
97.1%
RYOTTROY
88%
LATYIITALY
84.7%
RISPAPARIS
76.6%
LANIMMILAN
74%
CEVINEVENICE
70.5%
HTE SAE DNA NA DANSILTHE SEA AND AN ISLAND
62.9%
FELONERC FLORENCE
41.5%
Scrambled Word Answer % Correct
NANIVEVIENNA
39.1%
RAVENO VERONA
36.7%
HATESNATHENS
27.6%
DRISNOWWINDSOR
20.3%
Common Bond:Settings of Shakespeare's Plays
16.9%
DREAN STROFEARDEN FOREST
12.6%
ISMANESMESSINA
4.6%
ORSELINEELSINORE
4.5%

From the Vault

Populous Countries, Smaller Neighbors

by longboard

These countries are hogging all the people.
Remove Ads.
Support Sporcle.
Get the best of Sporcle when you Go Orange. This ad-free experience offers more features, more stats, and more fun while also helping to support Sporcle. Thank you for becoming a member.

Show Comments

Extras

Top Quizzes Today


Score Distribution

Your Account Isn't Verified!

In order to create a playlist on Sporcle, you need to verify the email address you used during registration. Go to your Sporcle Settings to finish the process.

Report this User

Report this user for behavior that violates our Community Guidelines.

Details: